| 000 | 01251nam a2200385 a 4500 | ||
|---|---|---|---|
| 001 | 000036038 | ||
| 003 | DO-SdBPM | ||
| 005 | 20251117083527.0 | ||
| 007 | 000036038 | ||
| 008 | 111124s1995 xx a 001 0 spa d | ||
| 020 | _a 0590931555 | ||
| 020 | _a | ||
| 040 |
_aDO-SdBPM _bspa _cBPMSU _erda |
||
| 082 | 4 |
_a372.4 _bS235m 1995 _222 |
|
| 100 | 1 |
_aSantirso, Liliana _eautora _4aut. |
|
| 245 | 0 | 0 |
_aMe gusta jugar con los libros / _c Liliana Santirso : ilustraciones Patricio Gómez, Raúl Villagómez |
| 260 |
_a _b _c |
||
| 264 |
_aNew Yorrk : _bScholastic _c1995 |
||
| 300 |
_a22 páginas : _bilustraciones ; _c30 cm. |
||
| 336 |
_atexto _btxt _2rdacontent |
||
| 337 |
_asin mediación _bn _2rdamedia |
||
| 338 |
_avolumen _bnc _2rdacarrier |
||
| 500 | _aBasadas en los dibujos de Leonid Nepomniachi | ||
| 590 | _aInventariado, 2025/VM | ||
| 650 | 7 | _aLibros y lectura para niños | |
| 650 | 7 |
_aLibros ilustrados para niños _x |
|
| 700 | 1 |
_aGómez, Patricio _e ilustraciones |
|
| 700 | 1 |
_aVillagómez, Raúl _e ilustraciones |
|
| 910 | _aVMateo V.. Control de calidad BPMSU | ||
| 930 | 1 |
_l _m _8 _f _p _g |
|
| 942 |
_2ddc _cBK |
||
| 956 |
_a _b _c _l _h |
||
| 956 |
_a _b _c _l _h |
||
| 956 |
_a _b _c _l _h |
||
| 999 |
_c15506 _d15506 |
||